000 00577nam a2200229Ia 4500
003 OSt
005 20221007064549.0
006 a|||||r|||| 00| 0
007 ta
008 221006b |||||||| |||| 00| 0 eng d
024 _a10,693
037 _cTextual
040 _aFLL
_cFLL
_beng
041 _2eng
_aeng
082 _aQ7v, G7
100 _aMez Adam Au.
_9685966
245 0 _aRenaissance of Islam
260 _aDelhi
_bIdarah Adabiyat India
_c1937
300 _a517p
_ccm.
942 _hQ7v, G7
_cTEXL
_2CC
999 _c1134476
_d1134476